| 000 | 00338nam a22001457a 4500 | ||
|---|---|---|---|
| 003 | OSt | ||
| 005 | 20160512102655.0 | ||
| 008 | 160512b xxu||||| |||| 00| 0 eng d | ||
| 020 | _a0-670-81565-9 | ||
| 040 | _cN/A | ||
| 100 | _aGEORGE PLIMPTON | ||
| 245 | _aTHE WRITES CHAPBOOK | ||
| 260 |
_aUSA _bPENGUIN GROUP _c1989 |
||
| 942 |
_2lcc _cBK |
||
| 999 |
_c253560 _d253559 |
||